| 000 | 01509 a2200241 4500 | ||
|---|---|---|---|
| 001 | 45876 | ||
| 005 | 20260407155731.0 | ||
| 008 | 260407a2002 arg spa d | ||
| 003 | AR-UNSa-BCEJYS | ||
| 040 |
_aAR-UNSa-BCEJYS _bspa _cAR-UNSa-BCEJYS |
||
| 080 |
_a369.5 _xSeguro de vejez (de jubilación) |
||
| 245 | 1 | 0 |
_aPensiones no contribustivas y asistenciales _pArgentina, Brasil, Chile, Costa Rica y Uruguay |
| 020 | _a92-2-313259-2 | ||
| 264 | 1 |
_aSantiago : _bOficina Internacional del Trabajo _c2002 |
|
| 300 |
_a264 p. _c23 cm. |
||
| 505 | _a1. La protección social a través de las pensiones no contributivas y asistenciales en América Latina / Fabio M. Bertranou, Carmen Solorio y Wouter van Ginneken – 2. Beneficios sociales y pobreza en la Argentina: estudio del programa de pensiones no contributivas / Fabio M. Bertranou y Carlos O. Grushka – 3. Beneficios sociales y los pobres en Brasil: programas de pensiones no convencionales / Helmut Schwarzer y Ana Carolina Querino – 4. Las pensiones no contributivas en Chile: Pensiones asistenciales (PASIS) / Pamela A. Gana Cornejo – 5. Los programas de asistencia social en Costa Rica: El régimen no contributivo de pensiones / Fabio Durán Valverde – 6. Estudio de programa de pensiones no contributivas en Uruguay / Rodolfo Saldain y Marcos Lorenzelli - | ||
| 041 | _aspa | ||
| 942 | _cBK | ||
| 590 | _aniveau_biblio:m niveau_hierar:0 | ||
| 100 | 1 | _aSolorio, Carmen | |
| 700 | 1 | _aBertranou, Fabio M. | |
| 700 | 1 | _aGinneken, Wouter | |
| 999 |
_c4044 _d4044 |
||